[Event "Caxambu Casa do Xadrez op"]
[Site "Caxambu"]
[Date "2022.07.23"]
[Round "4"]
[White "Penha, Evelyn Maximiano"]
[Black "Ricci, Lucas Estremes"]
[Result "1/2-1/2"]
[WhiteElo "1637"]
[BlackElo "1800"]
[PlyCount "71"]
[EventDate "2022.07.22"]
[EventType "swiss"]
[EventRounds "6"]
[EventCountry "BRA"]
[SourceTitle "CBM 209 Extra"]
[Source "ChessBase"]
[SourceDate "2022.09.30"]
[SourceVersion "1"]
[SourceVersionDate "2022.09.30"]
[SourceQuality "1"]

1. e4 e6 2. d4 d5 3. Nd2 c5 4. c3 cxd4 5. cxd4 dxe4 6. Nxe4 Bb4+ 7. Nc3 Nf6 8. a3 Ba5 9. Nf3 a6 10. Bd3 0-0 11. 0-0 h6 12. h3 Nc6 13. Bc2 Bd7 14. Ne5 Ne7 15. Qd3 Ned5 16. Nxd5 exd5 17. Nxd7 Qxd7 18. Bf4 Bc7 19. Be5 Ne4 20. f3 Bxe5 21. dxe5 f5 22. fxe4 fxe4 23. Qb3 Kh8 24. Rad1 Rxf1+ 25. Rxf1 Re8 26. Qg3 Qc7 27. Qg6 Qxe5 28. Rf5 Qd4+ 29. Kh2 Rd8 30. Rf7 Qxb2 31. Bb3 b5 32. Bxd5 Qe5+ 33. Kh1 Rc8 34. Bc6 Qa1+ 35. Kh2 Qe5+ 36. Kh1 1/2-1/2

[Event "Sao Jose dos Campos op"]
[Site "Sao Jose dos Campos"]
[Date "2021.10.09"]
[Round "2"]
[White "Penha, Evelyn Maximiano"]
[Black "Garcia, Claudio de Oliveira"]
[Result "1-0"]
[WhiteElo "1672"]
[BlackElo "1396"]
[PlyCount "91"]
[EventDate "2021.10.09"]
[EventType "swiss"]
[EventRounds "7"]
[EventCountry "BRA"]
[SourceTitle "CBM 204 Extra"]
[Source "ChessBase"]
[SourceDate "2021.11.30"]
[SourceVersion "1"]
[SourceVersionDate "2021.11.30"]
[SourceQuality "1"]

1. e4 c6 2. d4 d5 3. exd5 cxd5 4. c4 dxc4 5. Bxc4 a6 6. Nf3 b5 7. Bb3 e6 8. 0-0 Nf6 9. Nc3 Bd6 10. Re1 0-0 11. Bg5 Nbd7 12. Ne5 h6 13. Bh4 Bb7 14. Qd3 Rc8 15. Nxf7 Rxf7 16. Bxe6 Bb8 17. Qg6 Qf8 18. Re2 Re8 19. Rae1 Rxe6 20. Rxe6 Qc8 21. Bxf6 Nxf6 22. Re7 Qf8 23. R7e6 Bc8 24. R6e2 Rd7 25. Re8 Nxe8 26. Rxe8 Re7 27. Rxf8+ Kxf8 28. Kf1 Bb7 29. d5 b4 30. d6 Rf7 31. Ne4 Ba7 32. f3 Bc8 33. Qg3 Bf5 34. Qe5 Bd7 35. Qd5 Bb5+ 36. Ke1 Kg8 37. Qa8+ Kh7 38. Qd5 Rd7 39. Nc5 Rd8 40. Ne6 Rg8 41. Qf5+ Kh8 42. Nf8 Bd3 43. Ng6+ Kh7 44. Qxd3 Re8+ 45. Ne7+ g6 46. Qxg6+ 1-0

[Event "Sao Paulo Hebraica op 27th"]
[Site "Sao Paulo"]
[Date "2020.01.11"]
[Round "3"]
[White "Dos Santos, Lucas Aparecido"]
[Black "Penha, Evelyn Maximiano"]
[Result "1/2-1/2"]
[WhiteElo "2025"]
[BlackElo "1668"]
[PlyCount "56"]
[EventDate "2020.01.10"]
[EventType "swiss"]
[EventRounds "6"]
[EventCountry "BRA"]
[SourceTitle "CBM 194 Extra"]
[Source "ChessBase"]
[SourceDate "2020.03.31"]
[SourceVersion "1"]
[SourceVersionDate "2020.03.31"]
[SourceQuality "1"]

1. e4 c5 2. Nf3 Nc6 3. d4 cxd4 4. Nxd4 Nf6 5. Nc3 e5 6. Nb3 Bb4 7. Qd3 d5 8. exd5 Nxd5 9. Bd2 Bxc3 10. bxc3 0-0 11. Qg3 Re8 12. 0-0-0 Qd6 13. Kb2 Nf4 14. Bc4 Qf6 15. Nc5 Na5 16. Bb3 Nxb3 17. axb3 b6 18. Ne4 Qg6 19. Bxf4 exf4 20. Qxf4 Bf5 21. Nd6 Bxc2 22. Rd2 Red8 23. Qf3 Rab8 24. Qd5 Rd7 25. Re1 Rbd8 26. Rde2 h6 27. Re8+ Rxe8 28. Rxe8+ Kh7 1/2-1/2

[Event "Joao Pessoa de Assis Memorial 1st"]
[Site "Joao Pessoa"]
[Date "2019.11.17"]
[Round "5"]
[White "Penha, Evelyn Maximiano"]
[Black "Cavalcanti, Jose Maria"]
[Result "1/2-1/2"]
[WhiteElo "1644"]
[BlackElo "1797"]
[PlyCount "34"]
[EventDate "2019.11.15"]
[EventType "swiss"]
[EventRounds "6"]
[EventCountry "BRA"]
[SourceTitle "EXT 2021"]
[Source "ChessBase"]
[SourceDate "2020.10.23"]
[SourceVersion "1"]
[SourceVersionDate "2020.10.23"]
[SourceQuality "1"]

1. e4 d6 2. d4 Nd7 3. Nf3 e5 4. Bc4 Be7 5. 0-0 c6 6. Nc3 a5 7. a4 b6 8. d5 c5 9. Bb5 Ngf6 10. Re1 0-0 11. Bc6 Rb8 12. Qd3 Nh5 13. Be3 h6 14. Nd2 Ndf6 15. Nc4 Ng4 16. Nb5 f5 17. f3 fxe4 1/2-1/2

[Event "Teresina op 7th"]
[Site "Teresina"]
[Date "2019.08.04"]
[Round "5"]
[White "Penha, Evelyn Maximiano"]
[Black "Dos Santos, Iago Fernandes Barb"]
[Result "1-0"]
[WhiteElo "1643"]
[BlackElo "1470"]
[PlyCount "101"]
[EventDate "2019.08.02"]
[EventType "swiss"]
[EventRounds "6"]
[EventCountry "BRA"]
[SourceTitle "EXT 2020"]
[Source "ChessBase"]
[SourceDate "2019.10.17"]
[SourceVersion "1"]
[SourceVersionDate "2019.10.17"]
[SourceQuality "1"]

1. e4 d6 2. d4 b6 3. Bd3 Bb7 4. Nf3 Nd7 5. 0-0 Ngf6 6. Qe2 e5 7. b3 Be7 8. Bb2 exd4 9. Nxd4 a6 10. Nf5 0-0 11. Nd2 Nc5 12. Rae1 Nxd3 13. Qxd3 Bc8 14. Nxe7+ Qxe7 15. h3 Re8 16. Qf3 Be6 17. c4 Nd7 18. Qg3 f6 19. Nf3 Ne5 20. Nd4 Bd7 21. Ne2 Ng6 22. Nc3 Bc6 23. Kh2 Ne5 24. f4 Nd7 25. Nd5 Bxd5 26. exd5 Qf7 27. Bc3 Rxe1 28. Rxe1 Re8 29. Re3 Kf8 30. Qe1 Rxe3 31. Qxe3 Qe7 32. Qe6 Qxe6 33. dxe6 Ke7 34. exd7 Kxd7 35. Kg3 Ke6 36. Kf3 a5 37. g4 g6 38. Bb2 c6 39. a3 f5 40. b4 axb4 41. axb4 b5 42. cxb5 cxb5 43. Ke3 Kd5 44. Kd3 fxg4 45. hxg4 h6 46. f5 gxf5 47. gxf5 Kc6 48. f6 Kd7 49. Ke4 Ke6 50. Kf4 d5 51. Kg4 1-0

[Event "Brasilia Terraviva op"]
[Site "Brasilia"]
[Date "2019.01.11"]
[Round "3"]
[White "Penha, Evelyn Maximiano"]
[Black "Soares, Renan Barbosa Monte"]
[Result "0-1"]
[WhiteElo "1632"]
[BlackElo "1972"]
[PlyCount "88"]
[EventDate "2019.01.10"]
[EventType "swiss"]
[EventRounds "7"]
[EventCountry "BRA"]
[SourceTitle "CBM 188 Extra"]
[Source "ChessBase"]
[SourceDate "2019.02.26"]
[SourceVersion "1"]
[SourceVersionDate "2019.02.26"]
[SourceQuality "1"]

1. e4 c5 2. Ne2 d6 3. g3 Nf6 4. Bg2 g6 5. 0-0 Bg7 6. c3 e5 7. d4 0-0 8. Na3 Nc6 9. dxc5 dxc5 10. Nb5 Bg4 11. f3 Be6 12. Qxd8 Raxd8 13. b3 Rd7 14. Be3 b6 15. Rad1 Rfd8 16. Rxd7 Rxd7 17. Kf2 Bf8 18. c4 Nb4 19. Nbc3 Nc2 20. Rd1 Nd4 21. Nd5 Ne8 22. Bg5 Bg7 23. h3 f5 24. f4 h6 25. Bh4 fxe4 26. Bxe4 Bxh3 27. Rh1 Bg4 28. fxe5 Nxe2 29. e6 Bxe6 30. Kxe2 g5 31. Bxg5 hxg5 32. Rh7 Bh8 33. Rxd7 Bxd7 34. Bg6 Kg7 35. Bxe8 Bxe8 36. Ne7 Bf7 37. Nd5 Bxd5 38. cxd5 g4 39. Ke3 Kf6 40. Kf2 Kg6 41. Kg2 Kf5 42. Kf2 Ke4 43. Kg2 Kd3 44. Kf2 Kc3 0-1

[Event "Sao Paulo op-C U1700 7th"]
[Site "Sao Paulo"]
[Date "2018.04.01"]
[Round "6"]
[White "Penha, Evelyn Maximiano"]
[Black "Borges, Leonardo Hisao Hera"]
[Result "1/2-1/2"]
[WhiteElo "1630"]
[BlackElo "1467"]
[PlyCount "33"]
[EventDate "2018.03.30"]
[EventType "swiss"]
[EventRounds "6"]
[EventCountry "BRA"]
[SourceTitle "EXT 2021"]
[Source "ChessBase"]
[SourceDate "2020.10.23"]
[SourceVersion "1"]
[SourceVersionDate "2020.10.23"]
[SourceQuality "1"]

1. e4 c5 2. Ne2 d6 3. g3 Nf6 4. Bg2 g6 5. 0-0 Bg7 6. c3 Nc6 7. d4 cxd4 8. cxd4 0-0 9. Nbc3 Rb8 10. h3 Bd7 11. Be3 Na5 12. b3 b5 13. Rc1 b4 14. Nb1 Bb5 15. Re1 Nc6 16. Nd2 Rc8 17. Nc4 1/2-1/2

[Event "Brasilia Terraviva op"]
[Site "Brasilia"]
[Date "2016.04.21"]
[Round "1"]
[White "Garcia, Gabriel Gonzaga"]
[Black "Penha, Evelyn Maximiano"]
[Result "1-0"]
[WhiteElo "2124"]
[BlackElo "1625"]
[PlyCount "41"]
[EventDate "2016.04.21"]
[EventType "swiss"]
[EventRounds "7"]
[EventCountry "BRA"]
[SourceTitle "CBM 172 Extra"]
[Source "ChessBase"]
[SourceDate "2016.06.21"]
[SourceVersion "1"]
[SourceVersionDate "2016.06.21"]
[SourceQuality "1"]

1. e4 c5 2. Nf3 e6 3. d4 cxd4 4. Nxd4 a6 5. Nc3 Qc7 6. Be2 Nf6 7. 0-0 g6 8. Be3 Bg7 9. f4 d6 10. Ndb5 axb5 11. Nxb5 Qc6 12. Qxd6 Qxd6 13. Nxd6+ Kd7 14. Rfd1 Nd5 15. Nxf7 Rf8 16. exd5 Ra5 17. dxe6+ Kxe6 18. Bc4+ Ke7 19. Bb6 Rf5 20. Re1+ Kd7 21. Rad1+ 1-0

[Event "Sao Bernardo do Campo LXSBC Final C"]
[Site "Sao Bernardo do Campo"]
[Date "2016.01.29"]
[Round "5.2"]
[White "Lacerda, Vinicius"]
[Black "Penha, Evelyn Maximiano"]
[Result "1/2-1/2"]
[WhiteElo "1720"]
[BlackElo "1673"]
[PlyCount "74"]
[EventDate "2016.01.23"]
[EventType "tourn"]
[EventRounds "9"]
[EventCountry "BRA"]
[SourceTitle "EXT 2022"]
[Source "ChessBase"]
[SourceDate "2021.10.06"]
[SourceVersion "1"]
[SourceVersionDate "2021.10.06"]
[SourceQuality "1"]

1. d4 Nf6 2. Bg5 d5 3. Nf3 Ne4 4. Bf4 c5 5. e3 Qb6 6. Qc1 Nc6 7. c3 Bg4 8. Be2 Rc8 9. Nbd2 cxd4 10. exd4 e5 11. Nxe5 Bxe2 12. Nxc6 Rxc6 13. Nxe4 Ba6 14. Nc5 Bxc5 15. dxc5 Re6+ 16. Be3 Qxc5 17. Qd2 Qc4 18. 0-0-0 Qxa2 19. Qxd5 Qa1+ 20. Kc2 Qa4+ 21. Kb1 0-0 22. h4 Bc4 23. Qxb7 Qa2+ 24. Kc1 Qa1+ 25. Kc2 Qa4+ 26. Kb1 Qa2+ 27. Kc2 Qa4+ 28. Kb1 Ra6 29. Qb4 Qa2+ 30. Kc2 Ra4 31. Ra1 Rxb4 32. Rxa2 Bxa2 33. cxb4 Rc8+ 34. Kd2 a6 35. Ra1 Bc4 36. Rc1 Be6 37. Rc5 g6 1/2-1/2

[Event "Cuiaba Contaud op"]
[Site "Cuiaba"]
[Date "2015.08.02"]
[Round "5"]
[White "Souza, Antonio Inacio De"]
[Black "Penha, Evelyn Maximiano"]
[Result "0-1"]
[WhiteElo "1872"]
[BlackElo "1655"]
[PlyCount "112"]
[EventDate "2015.07.31"]
[EventType "swiss"]
[EventRounds "6"]
[EventCountry "BRA"]
[SourceTitle "EXT 2016"]
[Source "ChessBase"]
[SourceDate "2015.10.08"]
[SourceVersion "1"]
[SourceVersionDate "2015.10.08"]
[SourceQuality "1"]

1. d4 Nf6 2. c4 g6 3. Nc3 Bg7 4. e4 d6 5. f4 0-0 6. Nf3 Na6 7. Be2 e5 8. dxe5 dxe5 9. Qxd8 Rxd8 10. fxe5 Ng4 11. Bf4 Nc5 12. h3 Ne6 13. Bg3 Ne3 14. Kf2 Bh6 15. Nd5 Nxd5 16. exd5 Nc5 17. Kg1 Ne4 18. Kh2 Bf5 19. Nd4 Nxg3 20. Kxg3 Bg7 21. Nxf5 Bxe5+ 22. Kg4 gxf5+ 23. Kxf5 Re8 24. Bf3 Bxb2 25. Rab1 Ba3 26. Rxb7 Bd6 27. Rhb1 Kg7 28. Kg4 Kh6 29. h4 Rg8+ 30. Kf5 Rae8 31. Bd1 Re5+ 32. Kf4 Rxd5+ 33. Ke4 Re5+ 34. Kd4 f6 35. R7b5 Rxg2 36. Rxe5 fxe5+ 37. Ke4 Rxa2 38. Rb5 Rh2 39. h5 Rh4+ 40. Kf5 Rxc4 41. Rb8 Rf4+ 42. Ke6 Rf8 43. Rb7 Rf1 44. Bg4 Kg5 45. Be2 Rf6+ 46. Kd5 Rf2 47. Ba6 Kxh5 48. Rxa7 Ra2 49. Ra8 Kg5 50. Bb7 Rxa8 51. Bxa8 h5 52. Ke4 Kg4 53. Ke3 Kg3 54. Ke2 h4 55. Kf1 Bc5 56. Bc6 h3 0-1